[Event "The Hopes of the World U10 7th"]
[Site "St Constantin and Helena"]
[Date "2010.06.23"]
[Round "1"]
[White "Polyakov, Fedor"]
[Black "Karpov, Vladimir"]
[Result "1-0"]
[WhiteElo "1713"]
[BlackElo "2311"]
[PlyCount "79"]
[EventDate "2010.06.23"]
[EventType "swiss"]
[EventRounds "7"]
[EventCountry "BUL"]
[SourceTitle "EXT 2012"]
[Source "ChessBase"]
[SourceDate "2011.11.24"]
[SourceVersion "1"]
[SourceVersionDate "2011.11.24"]
[SourceQuality "1"]

1. e4 e5 2. Nf3 Nc6 3. Bc4 Nf6 4. Ng5 Bc5 5. Nxf7 Bxf2+ 6. Kxf2 Nxe4+ 7. Kg1 Qf6 8. Qf3 Qg6 9. Nxh8 Qf6 10. Qxf6 Nxf6 11. Nc3 d6 12. d3 Bf5 13. Bg5 h6 14. Bxf6 gxf6 15. Nf7 Nd4 16. Rc1 a6 17. Nxh6 Bd7 18. Ng8 0-0-0 19. Nxf6 Bf5 20. Nfd5 b5 21. Ne7+ Kb8 22. Nxf5 Nxf5 23. Bb3 Nd4 24. a3 Rf8 25. Rf1 Rg8 26. Bxg8 Nxc2 27. Rf8+ Kb7 28. Bd5+ Kb6 29. Rb8+ Kc5 30. Rb7 Kd4 31. Rxc7 a5 32. Nxb5+ Ke3 33. Rxc2 e4 34. dxe4 a4 35. Nxd6 Kd3 36. Rc3+ Kd2 37. Nc4+ Ke2 38. Re3+ Kd1 39. Kf2+ Kc2 40. Rc3# 1-0